000 00233nam a2200097Ia 4500
001 712972
005 20250826162837.0
008 250824s9999 xx 000 0 und d
245 0 _aŞİFACI
_cMARINA FIORATO
260 _bARKADYA YAYINLARI
999 _c712972
_d712972